<?xml version="1.0" encoding="UTF-8"?><?xml-stylesheet type="text/xsl" href="static/style.xsl"?><OAI-PMH xmlns="http://www.openarchives.org/OAI/2.0/" xmlns:xsi="http://www.w3.org/2001/XMLSchema-instance" xsi:schemaLocation="http://www.openarchives.org/OAI/2.0/ http://www.openarchives.org/OAI/2.0/OAI-PMH.xsd"><responseDate>2026-04-27T08:20:40Z</responseDate><request verb="GetRecord" identifier="oai:uvadoc.uva.es:10324/44973" metadataPrefix="marc">https://uvadoc.uva.es/oai/request</request><GetRecord><record><header><identifier>oai:uvadoc.uva.es:10324/44973</identifier><datestamp>2021-06-30T04:22:43Z</datestamp><setSpec>com_10324_38</setSpec><setSpec>col_10324_852</setSpec></header><metadata><record xmlns="http://www.loc.gov/MARC21/slim" xmlns:doc="http://www.lyncode.com/xoai" xmlns:xsi="http://www.w3.org/2001/XMLSchema-instance" xmlns:dcterms="http://purl.org/dc/terms/" xsi:schemaLocation="http://www.loc.gov/MARC21/slim http://www.loc.gov/standards/marcxml/schema/MARC21slim.xsd">
<leader>00925njm 22002777a 4500</leader>
<datafield tag="042" ind1=" " ind2=" ">
<subfield code="a">dc</subfield>
</datafield>
<datafield tag="720" ind1=" " ind2=" ">
<subfield code="a">Martínez Bureba, Marta</subfield>
<subfield code="e">author</subfield>
</datafield>
<datafield tag="260" ind1=" " ind2=" ">
<subfield code="c">2020</subfield>
</datafield>
<datafield tag="520" ind1=" " ind2=" ">
<subfield code="a">La Casa Errázuriz constituye uno de los encargos que Le Corbusier aceptó durante su viaje a Sudamérica, encomendado&#xd;
por el diplomático chileno Matías Errázuriz y su mujer Josefina de Alvear. El objetivo de ambos con este encargo radicaba&#xd;
en resaltar una arquitectura que, hasta ese momento, en el país se caracterizaba por una estética más conservadora,&#xd;
emplazando su vivienda en una colina de Zapallar, municipio chileno situado en la provincia de Petorca, cerca de Santiago.&#xd;
Durante la mayor parte del diseño, Le Corbusier se mantuvo al margen del proyecto, delegando su trabajo en Pierre&#xd;
Jeanneret, quien trata de dar forma a la vivienda a través de numerosos bocetos, sobre los que se ha creado una línea de&#xd;
pensamiento para su diseño. Más tarde, Le Corbusier los modifica, debido fundamentalmente a la pendiente del terreno,&#xd;
llegando así a su versión definitiva, de la que se ha realizado un análisis más exhaustivo de los planos enviados a Matías,&#xd;
tanto de su arquitectura como de su contenido, tratando finalmente de deducir las razones por las que el proyecto se suspendió</subfield>
</datafield>
<datafield tag="024" ind2=" " ind1="8">
<subfield code="a">http://uvadoc.uva.es/handle/10324/44973</subfield>
</datafield>
<datafield ind1=" " ind2=" " tag="653">
<subfield code="a">Le Corbusier (1887-1965). Casa Errázuriz</subfield>
</datafield>
<datafield ind1=" " ind2=" " tag="653">
<subfield code="a">Jeanneret, Pierre (1896-1967). Casa Errázuriz</subfield>
</datafield>
<datafield ind1=" " ind2=" " tag="653">
<subfield code="a">Arquitectura moderna - Siglo XX - Chile</subfield>
</datafield>
<datafield tag="245" ind1="0" ind2="0">
<subfield code="a">Arquitectura ausente: Restitución gráfica y análisis de la casa Errázuriz de Le Corbusier</subfield>
</datafield>
</record></metadata></record></GetRecord></OAI-PMH>